Statistics for Books and Authors #2

Click here to take the quiz!

General Stats

  • This quiz has been taken 31 times
  • The average score is 4 of 20

Answer Stats

BookAuthor% Correct
Peter PanJ. M. Barrie
57%
Portnoy's ComplaintPhilip Roth
43%
Tarzan of the ApesEdgar Rice Burroughs
33%
The Pillars of EarthKen Follett
33%
The Master and MargaritaMikhail Bulgakov
33%
The Social ContractJean-Jacques Rousseau
29%
Self-RelianceRalph Waldo Emerson
24%
A People's History of the United StatesHoward Zinn
19%
The Virgin SuicidesJeffrey Eugenides
19%
Ficciones, or FictionsJorge Luis Borges
19%
The Book ThiefMarkus Zusak
19%
ElementsEuclid
14%
The Praise of FollyDesiderius Erasmus
10%
The Scarlet PimpernelEmma Orczy
10%
The Lone Ranger and Tonto Fistfight in HeavenSherman Alexie
10%
House of IncestAnais Nin
5%
IshmaelDaniel Quinn
5%
Island of Blue DolphinsScott O'Dell
5%
The EntertainerJohn Osborne
0%
If You Gave a Mouse a CookieLaura Numeroff
0%

Score Distribution

Percentile by Number Answered

Percent of People with Each Score

Your Score History

You have not taken this quiz